The Student, the interview and the curriculum : dynamics of counseling in the school /

Saved in:
Bibliographic Details
Main Author: Sachs, Benjamin M.
Other Authors: Pitcock, Genevieve Van Strom
Format: Book
Language:English
Published: Boston : Houghton Mifflin, 1966.
Subjects:
LEADER 00870nam a22002051 4500
001 c000345089
003 CARM
005 00000000000000.0
008 851003s1966 mau 0 eng d
019 1 |a 22436791  |z 3961836  |5 LACONCORD2021 
035 |a (OCoLC)177907  |5 LACONCORD2021 
100 1 |a Sachs, Benjamin M. 
245 1 4 |a The Student, the interview and the curriculum :  |b dynamics of counseling in the school /  |c by B.M.Sachs with the assistance of G. Van Strom Pitcock. 
260 |a Boston :  |b Houghton Mifflin,  |c 1966. 
650 0 |a Educational counseling  |x Case studies. 
700 1 |a Pitcock, Genevieve Van Strom. 
852 8 |b CARM  |h A1:AO19E0  |i C09546  |p 0404715  |f BK 
082 0 4 |a 371.4 
999 f f |i d1a80d27-286b-5f0d-8c86-fc7e5d8f2d3e  |s 359b022c-a95f-54d2-b38b-43686339d180 
952 f f |p Can circulate  |a CAVAL  |b CAVAL  |c CAVAL  |d CARM 1 Store  |e C09546  |f A1:AO19E0  |h Other scheme  |i book  |m 0404715